00606nam a22002057a 450000500170000001000130001702000250003003500130005503700160006804000120008408200170009610000180011324500600013126000350019127000450022630000320027150000540030365000220035765000210037920170124110218.0 aA-947557 c80.00a9788125015345 aA-947557 bCen Lib/Ret aDPLbEN a307.147bGHO aGhosh, Sumita aIntroduction to settlement geography /cby Sumita Ghosh aCalcuttabOrient Longmanc1998 a17 Chittaranjan AvenuebCalcuttae700072 avi,158p. :c21cm(pbk)bill. aIncludes bibliographical references and index  aHuman settlements aCities and towns